Body Parts - No Vowels - Statistics

General Stats
  • This quiz has been taken 25,225 times
    24,189 since last reset
  • The average score is 18 of 24
Answer Stats
Hint Body part % Correct
BCK Back
99%
FT Foot
98%
SHLDR Shoulder
98%
HD Head
96%
LG Leg
96%
KN Knee
95%
LBW Elbow
92%
TTH Tooth
88%
HL Heel
86%
MTH Mouth
86%
PLM Palm
84%
LP Lip
76%
NS Nose
74%
R Ear
72%
KDN Kidney
72%
HR Hair
66%
T Toe
64%
BN Bone
63%
FC Face
62%
VN Vein
54%
GM Gum
53%
NP Nape
41%
GT Gut
39%
NCSR Incisor
27%
No matching quizzes found
Score Distribution
Percent of People with Each Score
Percentile by Number Answered
Your Score History
You have not taken this quiz since the last reset